000 00573nam a2200205 i 4500
001 55322
003 ES-MaACL
005 20250710062721.0
007 t|
008 030917s1958 fr ||||1| fre d
100 1 _aDeniau, Jean-François.
_943689
245 1 3 _aLe marché commun /
_cpar J.-F. Deniau.
250 _a[2e ed.].
260 _aParis :
_bPresses Universitaires de France,
_c1958.
300 _a127 p. ;
_c18 cm.
490 1 _aQue sais-je? ;
_v778
830 0 0 _aQue sais-je?
_v778
_9180931
852 _aES-MaACL
_jC-15643
_bR.43290
999 _c55322
_d55322